000
00315 a2200145 4500
001
57125
020
_a
8500215828
040
_c
Anchieta - Pituba
100
_a
Lessa, OrĂgenes
240
1
0
_a
A escada de nuvens
_l
por
245
1
0
_a
A escada de nuvens
300
_a
87
650
4
_a
Literatura juvenil
942
_c
BK
999
_c
57125
_d
57125